| 000 | 01424cam a2200385 a 4500 | ||
|---|---|---|---|
| 001 | 5902 | ||
| 003 | BD-RjUL | ||
| 005 | 20211208234142.0 | ||
| 008 | 140108s1985 coua b 101 0 eng | ||
| 020 | _a0813300657 | ||
| 035 | _a(OCoLC)12082181 | ||
| 035 | _a(OCoLC)ocm12082181 | ||
| 035 | _a(CStRLIN)NYCG85-B87145 | ||
| 035 | _a(BD-RjUL)5941 | ||
| 035 | _a(NNC)384867 | ||
| 040 |
_dCStRLIN _dBD-RjUL _aBD-RjUL _beng _cBD-RjUL |
||
| 041 | _aeng | ||
| 082 | 0 | 0 |
_a355.033573 _219 _bALT 1985 |
| 090 |
_aUA23 _b.A595 1985 |
||
| 245 | 0 | 0 |
_aAlternative military strategies for the future / _cedited by Keith A. Dunn, William O. Staudenmaier ; foreword by Robert W. Komer. |
| 260 |
_aBoulder, CO : _bWestview Press, _cc1985. |
||
| 300 |
_axvii, 236 p. : _bill. ; _c23 cm. |
||
| 490 | 1 | _aStudies in international security affairs and military strategy | |
| 500 | _aPapers presented at a conference held in November 1983 at the US Army War College. | ||
| 504 | _aIncludes bibliographies and index. | ||
| 650 | 0 |
_aStrategy _vCongresses. _918548 |
|
| 650 | 0 |
_aWorld politics _y1945-1989 _vCongresses. _918549 |
|
| 651 | 0 |
_aUnited States _xMilitary policy _vCongresses. _918550 |
|
| 700 | 1 |
_aDunn, Keith A. _918551 |
|
| 700 | 1 |
_aStaudenmaier, William O. _918552 |
|
| 830 | 0 |
_aStudies in international security affairs and military strategy. _918560 |
|
| 942 |
_2ddc _cBK |
||
| 999 |
_c5902 _d5902 |
||